| LEADER | 01032nam a22003132i 4500 | ||
|---|---|---|---|
| 001 | 001569827 | ||
| 003 | CZ BrMZK | ||
| 005 | 20170518140620.0 | ||
| 007 | ta | ||
| 008 | 170322s1981 xr erf||||||||||eng d | ||
| 040 | |a BOA001 |b cze |e rda | ||
| 043 | |a e-xr--- |b e-xr-cc |2 czenas | ||
| 072 | 7 | |a 908(437) |x Vlastivěda Česka a Slovenska |2 Konspekt |9 8 | |
| 080 | |a 908(437) |2 MRF | ||
| 080 | |a 908(437.31-13) |2 MRF | ||
| 080 | |a (036) |2 MRF | ||
| 245 | 0 | 0 | |a Czechoslovakia : |b summer at Orlík |
| 264 | 1 | |a [Praha] : |b [Merkur], |c 1981 | |
| 300 | |a 1 složený list | ||
| 336 | |a text |b txt |2 rdacontent | ||
| 337 | |a bez média |b n |2 rdamedia | ||
| 338 | |a svazek |b nc |2 rdacarrier | ||
| 651 | 7 | |a Československo |7 ge131689 |x vlastivěda |2 czenas | |
| 651 | 7 | |a Orlík (Česko : vodní nádrž) |7 ge134415 |x vlastivěda |2 czenas | |
| 655 | 7 | |a informační publikace |7 fd132454 |2 czenas | |
| 910 | |a BOA001 |b X-0841.464 | ||
| 990 | |a BK | ||
| 991 | |b 201703 | ||
| 996 | 6 | |b 2619180237 |c X-0841.464 |l MZK |r Sklad / do 24 hodin |n 0 |w 001605265 |u 000010 |a 1 |e BOA001 |j MZK50 |s P | |
English
Čeština 